Kalasanchaya: dakshina bharatada kelavu anushtana kalegalu (Record no. 211796)
[ view plain ]
| 000 -LEADER | |
|---|---|
| fixed length control field | 00833nam a2200217Ia 4500 |
| 003 - CONTROL NUMBER IDENTIFIER | |
| control field | OSt |
| 005 - DATE AND TIME OF LATEST TRANSACTION | |
| control field | 20250530115536.0 |
| 008 - FIXED-LENGTH DATA ELEMENTS--GENERAL INFORMATION | |
| fixed length control field | 210719s2020 xx 000 0 und d |
| 040 ## - CATALOGING SOURCE | |
| Transcribing agency | AL |
| 041 ## - LANGUAGE CODE | |
| Language code of text/sound track or separate title | Kannada |
| 082 ## - DEWEY DECIMAL CLASSIFICATION NUMBER | |
| Classification number | 398.2K SHEK |
| 100 ## - MAIN ENTRY--PERSONAL NAME | |
| Personal name | SHETTY (Talluru Shivarama) |
| Dates associated with a name | ಶೆಟ್ಟಿ (ತಲ್ಲೂರು ಶಿವರಾಮ) |
| 9 (RLIN) | 211791 |
| 245 ## - TITLE STATEMENT | |
| Title | Kalasanchaya: dakshina bharatada kelavu anushtana kalegalu |
| Remainder of title | ಕಲಾಸಂಚಯ: ದಕ್ಷಿಣ ಭಾರತದ ಕೆಲವು ಅನುಷ್ಠಾನ ಕಲೆಗಳು |
| 260 ## - PUBLICATION, DISTRIBUTION, ETC. | |
| Place of publication, distribution, etc. | Udupi |
| Name of publisher, distributor, etc. | Tallur's family Trust (R) |
| Date of publication, distribution, etc. | 2020 |
| 300 ## - PHYSICAL DESCRIPTION | |
| Extent | xxiv,236 |
| Other physical details | PB |
| 365 ## - TRADE PRICE | |
| Price amount | 300 |
| Currency code | Rs |
| 650 ## - SUBJECT ADDED ENTRY--TOPICAL TERM | |
| Topical term or geographic name entry element | Folklore |
| 9 (RLIN) | 211792 |
| 650 ## - SUBJECT ADDED ENTRY--TOPICAL TERM | |
| Topical term or geographic name entry element | Yakshagana |
| 9 (RLIN) | 211793 |
| 906 ## - LOCAL DATA ELEMENT F, LDF (RLIN) | |
| a | anushtana ; bharatada ; dakshina ; Kalasanchaya: ; kalegalu ; kelavu ; Yakshagana |
| 942 ## - ADDED ENTRY ELEMENTS (KOHA) | |
| Source of classification or shelving scheme | Dewey Decimal Classification |
| Koha item type | Book |
| Withdrawn status | Lost status | Source of classification or shelving scheme | Damaged status | Not for loan | Collection code | Home library | Current library | Date acquired | Source of acquisition | Cost, normal purchase price | Total Checkouts | Full call number | Barcode | Date last seen | Cost, replacement price | Price effective from | Koha item type |
|---|---|---|---|---|---|---|---|---|---|---|---|---|---|---|---|---|---|
| Dewey Decimal Classification | Kannada | St Aloysius Library | St Aloysius Library | 02/10/2021 | Navakarnataka Publication Pvt Ltd., Mangalore | General Annual | 300.00 | 398.2K SHEK | 074610 | 07/19/2021 | 240.00 | 07/19/2021 | Book |